LDR 01229naa#a2200229#i#450# 001 RU\\bibl\113846 005 20260503202520.7 011 ## _a2500-1825 100 ## _a20260331b2026####ek#y0rusy0150####ca 102 ## _aRU 200 1# _aИНТЕГРАЦИЯ ПРОИЗВОДИТЕЛЕЙ ПРОДУКЦИИ НА ОСНОВЕ СИБИРСКИХ ДИКОРОСОВ, ПРОДУКТОВОГО РИТЕЙЛА И ТУРИЗМА _eЖурнальная статья 210 1# _aКрасноярск _cКрасноярский государственный аграрный университет _d2026 215 ## _a11 с. 606 ## _aЭкономика и управление. 38.00.00 _2local 608 ## _aЖурнальная статья _2local 675 ## _aЭкономика. Народное хозяйство. Экономические науки. 33 _z 686 ## _aОБЩЕСТВЕННЫЕ НАУКИ. 6 _2bbk 686 ## _aОБЩЕСТВЕННЫЕ НАУКИ. ЭКОНОМИКА. ПРАВО.. 7 _2tbk 686 ## _aЭКОНОМИКА И ЭКОНОМИЧЕСКИЕ НАУКИ. 06.00 _2grnti 700 #1 _aНовикова _gСветлана Ивановна 700 #1 _aПетакчян _gЛиана Ашотовна 856 4# _asej.kgau.ru _u